|
|
|
|
| LEADER |
02139cas a2200313 a 4500 |
| 001 |
AALejournalIMF020199 |
| 008 |
230101c9999 xx r poo 0 0eng d |
| 020 |
|
|
|c 5.00 USD
|
| 020 |
|
|
|z 9781498339575
|
| 022 |
|
|
|a 2663-3493
|
| 040 |
|
|
|a BD-DhAAL
|c BD-DhAAL
|
| 110 |
2 |
|
|a International Monetary Fund.
|
| 245 |
1 |
0 |
|a Poverty Reduction and Growth Trust Interest Rate Mechanism :
|b Extension of Temporary Interest Rate Waiver.
|
| 264 |
|
1 |
|a Washington, D.C. :
|b International Monetary Fund,
|c 2012.
|
| 300 |
|
|
|a 1 online resource (5 pages)
|
| 490 |
1 |
|
|a Policy Papers
|
| 500 |
|
|
|a <strong>Off-Campus Access:</strong> No User ID or Password Required
|
| 500 |
|
|
|a <strong>On-Campus Access:</strong> No User ID or Password Required
|
| 506 |
|
|
|a Electronic access restricted to authorized BRAC University faculty, staff and students
|
| 520 |
3 |
|
|a In recent months, a number of Directors have expressed support in the Executive Board for a further extension of the temporary exceptional interest waiver on concessional lending. An extension would send a signal of the Fund's continued support for Low-Income Countries at a time when the global economic crisis is still ongoing. In view of the related downside risks to the global economic recovery and a decline in the ability of Low-Income Countries to respond to a further weakening of global growth, this paper proposes a further extension of the exceptional interest waiver by two years, to end-2014. This paper also proposes to further extend to April 2013 the existing subsidization of the rate of charge on outstanding Emergency Natural Disaster Assistance and Emergency Post-Conflict Assistance purchases by PRGT-eligible members.
|
| 538 |
|
|
|a Mode of access: Internet
|
| 650 |
|
7 |
|a Emergency Post-Conflict Assistance
|2 imf
|
| 650 |
|
7 |
|a Interest Rate
|2 imf
|
| 650 |
|
7 |
|a Interest
|2 imf
|
| 650 |
|
7 |
|a PP
|2 imf
|
| 650 |
|
7 |
|a PRGT Interest Rate Mechanism
|2 imf
|
| 651 |
|
7 |
|a Kyrgyz Republic
|2 imf
|
| 830 |
|
0 |
|a Policy Papers; Policy Paper ;
|v No. 2012/103
|
| 856 |
4 |
0 |
|z Full text available on IMF
|u http://elibrary.imf.org/view/journals/007/2012/103/007.2012.issue-103-en.xml
|z IMF e-Library
|